Travelog umrah diy : (Record no. 136995)

MARC details
000 -LEADER
fixed length control field 00799nam a2200241 i 4500
001 - CONTROL NUMBER
control field C2-0339751
003 - CONTROL NUMBER IDENTIFIER
control field PPAK
005 - DATE AND TIME OF LATEST TRANSACTION
control field 20210706235936.0
008 - FIXED-LENGTH DATA ELEMENTS--GENERAL INFORMATION
fixed length control field 161221s2015 my a|||| ||||| | may d
020 ## - INTERNATIONAL STANDARD BOOK NUMBER
International Standard Book Number 9789671379103
040 ## - CATALOGING SOURCE
Original cataloging agency PPAK
Language of cataloging eng
Transcribing agency PPAK
Description conventions rda
082 04 - DEWEY DECIMAL CLASSIFICATION NUMBER
Classification number 297.352
Edition number 23
090 00 - LOCALLY ASSIGNED LC-TYPE CALL NUMBER (OCLC); LOCAL CALL NUMBER (RLIN)
Classification number (OCLC) (R) ; Classification number, CALL (RLIN) (NR) 297.352
Feature heading ZUE
Feature heading G
100 0# - MAIN ENTRY--PERSONAL NAME
Personal name Zuera Abdul Ghani,
Dates associated with a name 1973-
Relator term author
245 10 - TITLE STATEMENT
Title Travelog umrah diy :
Remainder of title merungkai rindu /
Statement of responsibility, etc. Zuera Abdul Ghani
264 #1 - PRODUCTION, PUBLICATION, DISTRIBUTION, MANUFACTURE, AND COPYRIGHT NOTICE
Place of production, publication, distribution, manufacture Kepala Batas, Pulau Pinang :
Name of producer, publisher, distributor, manufacturer Zuera Abdul Ghani ,
Date of production, publication, distribution, manufacture, or copyright notice 2015
300 ## - PHYSICAL DESCRIPTION
Extent vii, 258 pages :
Other physical details illustrations ;
Dimensions 20 cm
336 ## - CONTENT TYPE
Source rdacontent
Content type term text
337 ## - MEDIA TYPE
Source rdamedia
Media type term unmediated
338 ## - CARRIER TYPE
Source rdacarrier
Carrier type term volume
650 10 - SUBJECT ADDED ENTRY--TOPICAL TERM
Topical term or geographic name entry element Muslim pilgrims and pilgrimages - Saudi - Arabia Mecca - Anecdotes. ; Pillars of Islam.
942 ## - ADDED ENTRY ELEMENTS (KOHA)
Koha item type Book
Source of classification or shelving scheme Dewey Decimal Classification
Holdings
Withdrawn Not for loan Current library Shelving location Date acquired Full call number Barcode Date last seen Koha item type
    PD37, Kg. Belat, Pendang Pinjaman Dewasa 27/12/2016 297.352 ZUE A01497463 09/05/2018 Book